Science Quiz

Random Science or Elements Quiz

'U'-less Elements Quiz Stats

 Plays Quiz Updated Dec 1, 2016

Also try: 'M'-less Elements
Challenge
Share
Tweet
Embed
Score 0/29 Timer 05:00
4 Plays Today
% Correct
Hydrogen
92.8%
Gold
91.3%
Oxygen
90.7%
Silver
89.1%
Carbon
85.2%
Neon
82.1%
Boron
81.8%
Nitrogen
80.9%
Argon
75.6%
Tin
74.9%
Copper
74.9%
Iron
73.8%
Xenon
73.3%
Lead
72.7%
Chlorine
68.4%
% Correct
Radon
66.6%
Zinc
66.5%
Krypton
66%
Iodine
60.8%
Manganese
56.8%
Silicon
55.6%
Cobalt
54.7%
Nickel
54.1%
Bromine
52.8%
Arsenic
50.9%
Antimony
43.1%
Astatine
41.7%
Oganesson
19.9%
Tennessine
19.6%

You're not logged in!

Compare scores with friends on all Sporcle quizzes.
OR
Log In

You Might Also Like...

Show Comments

Extras

Top Quizzes Today


Score Distribution

Your Account Isn't Verified!

In order to create a playlist on Sporcle, you need to verify the email address you used during registration. Go to your Sporcle Settings to finish the process.

Report this User

Report this user for behavior that violates our Community Guidelines.

Details: